000 01071nam a2200241Ia 4500
003 Ost
005 20260507075439.0
008 260507s9999||||xx |||||||||||||| ||und||
020 _a978995711740
040 _cfsecg
041 _aara
082 _a310
100 _aالنعيمي، محمد عبد العال
_eمؤلف
245 0 _aالاحصاء التطبيقي /
_c محمد عبد العال النعيمي
260 _aعمان:
_bدار وائل,
_c2007
300 _a425 صفحة؛
_bإيضاحات ؛
_c25 سم
504 _aببليوغرافيا: ص. 387-389 ؛الملاحق ص.393
520 _aمفاهيم أساسية -مقدمة في نظرية الاحتمالات -المتغيرات العشوائية -التوزيعات الاحتمالية -الارتباط والانحدار الخطي البسيط -تحليل التباين -الاختبارات اللامعلمية -السلاسل الزمنية
653 _aالاحتمالات
653 _aالاحصاء
653 _aالاحصاء التحليلي
942 _cكتاب
999 _c44555
_d44555